000 00474nam a2200169 4500
001 138741
003 ES-MaACL
005 20230906195627.0
007 t|
008 070214s1961 sp r ||||1| spa d
100 1 _aSanz Lodre, León.
_9103657
245 1 0 _aTaquigrafía martiniana /
_cLeón Sanz Lodre.
250 _a2ª. ed.
260 _aZaragoza :
_b[s.n.],
_c1961 (
_fImp. Heraldo de Aragón)
300 _a244 p. ;
_c21 cm.
852 _aES-MaACL
_jC-36605
_bR.70616
999 _c138741
_d138741